Otázky ekonomiky slovenskej armády

Príprava na zavedenie podvojného účtovníctva v rozpočtovom úseku Ministerstva obrany Slovenskej republiky. Transformácia doterajšej organizácie a štruktúry finančných orgánov na sústavu nezávislých finančných expozitúr, ktorá bude zodpovedať novým ekonomickým podmienkam. Prechod z jednoduchého účtov...

ver descrição completa

Na minha lista:
Detalhes bibliográficos
Autor principal: Kudlák, J.
Formato: Capítulo de Livro
Idioma:eslovaco
Assuntos:
Tags: Adicionar Tag
Sem tags, seja o primeiro a adicionar uma tag!

MARC

LEADER 00000naa a2200000 4500
001 r020864
005 20230811094902.3
041 0 |a slo 
044 |a SK 
245 1 0 |a Otázky ekonomiky slovenskej armády  |c J. Kudlák 
520 |a Príprava na zavedenie podvojného účtovníctva v rozpočtovom úseku Ministerstva obrany Slovenskej republiky. Transformácia doterajšej organizácie a štruktúry finančných orgánov na sústavu nezávislých finančných expozitúr, ktorá bude zodpovedať novým ekonomickým podmienkam. Prechod z jednoduchého účtovníctva na podvojné. Súbor stanovených finančných štandardov ako nástroj objektívnej kontroly predpokladaných návrhov rozpočtu. Zmeny v spôsobe plánovania rozpočtových prostriedkov. 
610 2 0 |a armáda 
610 2 0 |a MO SR Bratislava 
610 2 0 |a účtovníctvo 
610 2 0 |a transformácia 
610 2 0 |a účtovníctvo podvojné 
610 2 0 |a rozpočty 
610 2 0 |a rozpočtovníctvo 
610 2 0 |a výdavky 
610 2 0 |a orgány finančné 
100 1 |a Kudlák, J.